| 000 | 01287cam a2200361 i 4500 | ||
|---|---|---|---|
| 001 | 20916357 | ||
| 003 | OSt | ||
| 005 | 20230916153141.0 | ||
| 008 | 190404s2018 ii b 001 0 eng | ||
| 010 | _a 2019315726 | ||
| 020 | _a9789388292177 | ||
| 025 | _aI-E-2019315726 | ||
| 037 | _bLibrary of Congress -- New Delhi Overseas Office | ||
| 040 |
_aDLC _beng _cDLC _erda _dDLC |
||
| 042 |
_alcode _apcc |
||
| 043 | _aa-ii--- | ||
| 050 | 0 | 0 |
_aDS485.G882 _bM6383 2018 |
| 082 |
_a954.0533092 _bTHA/P |
||
| 100 |
_aTharoor, Shashi _d1956- _eauthor. _91771 |
||
| 245 | 1 | 4 |
_aThe paradoxical prime minister : _bNarendra Modi and his India / _cShashi Tharoor. |
| 264 | 1 |
_aNew Delhi : _bAleph, _c2018. |
|
| 300 |
_a504 pages ; _c23 cm |
||
| 336 |
_atext _2rdacontent |
||
| 337 |
_aunmediated _2rdamedia |
||
| 338 |
_avolume _2rdacarrier |
||
| 504 | _aIncludes bibliographical references and index. | ||
| 600 | 1 | 0 |
_aModī, Narendra, _d1950- |
| 650 | 0 |
_aChief ministers _zIndia _zGujarat _vBiography. |
|
| 650 | 0 |
_aPoliticians _zIndia _zGujarat _vBiography. |
|
| 906 |
_a7 _bcbc _corigode _d4 _encip _f20 _gy-gencatlg |
||
| 942 |
_2ddc _cBK _h954.0533092 _iTHA/P _k954.0533092 _mTHA/P |
||
| 999 |
_c42191 _d42191 |
||